Catalog

Record Details

Catalog Search



Záškoláctví na základních školách : diplomová práce Cover Image Book Book

Záškoláctví na základních školách : diplomová práce vypracoval: Ivo Mladenov ; vedoucí práce: Mgr. Ortová Marie

Record details

  • Physical Description: 63 s. 3 příl.
  • Publisher: Praha JABOK - Vyšší sociálně pedagogická a teologická škola 1997

Content descriptions

Bibliography, etc. Note:
bibliogr. s. 50

Available copies

  • 1 of 1 copy available at Common Catalog SPOK.

Holds

  • 0 current holds with 1 total copy.
Show Only Available Copies
Location Call Number / Copy Notes Barcode Shelving Location Status Due Date
Jabok Library ABP-0069 424480002077 Absolventské práce Reference -

LDR 00765ntm a22 a 4500
00115533
003CZ-PrJAB
00520020430000000.0
008980212s1997 xr e |||| |cze
009cz
035 . ‡a(CONS)15533
035 . ‡aKPS0004319
040 . ‡a
0410 . ‡acze
10011. ‡72560 ‡aMladenov, Ivo
110 2. ‡aJABOK - Vyšší sociálně pedagogická a teologická škola ‡bPraha
2451 . ‡aZáškoláctví na základních školách : ‡bdiplomová práce ‡cvypracoval: Ivo Mladenov ; vedoucí práce: Mgr. Ortová Marie
260 . ‡aPraha ‡bJABOK - Vyšší sociálně pedagogická a teologická škola ‡bPraha ‡c1997
300 . ‡a63 s. ‡b3 příl.
504 . ‡abibliogr. s. 50
653 . ‡azákladní školy ‡azáškoláctví ‡akázeň ‡akurátoři pro mládež ‡aškolství
70011. ‡74205 ‡aOrtová, Marie
999 . ‡a69-d ‡c69-d ‡i424480002077 ‡l ‡tP
910 . ‡aABG312
901 . ‡a15533 ‡bUnknown ‡c15533 ‡tbiblio

Additional Resources